000 01463nam a2200325 c 4500
003 BLK
005 20230506024439.0
008 180412b bul|||||r ||||||| ||bul||
010 _aKNG00013979000
020 _a954-562-067-6
_bиздат.: Астрала
040 _aBLK
041 _aBUL
_cBUL
080 _aАнглийска литература
_b821.111
_x-31
_z821.111-31
100 1 _aРид, Томас Майн
_d1818-1883
_9365222
700 1 _aМилев, Никола
_eпрев. от англ.
_9257494
139 _aРид, Томас Майн
_bР 59
245 1 0 _aЛовци на растения
_bРоман за юноши
_cТомас Майн Рид; прев. от англ. Никола Милев.
250 _a2. изд.
257 _aGBR
260 София
_bАстрала
_c1996
_fХасково : Развитие
300 _a264 с.
_c20 см
380 _aDX
490 1 _aЕкзотични битки и приключения
_vКн. 1
500 _aОриг. загл. The plant hunters or adventures among the Himalaya Mountains / Thomas Mayne Reid. - 1. изд. 1960 на Нар. младеж в Библ. Приключения и науч. фантастика. За средна и горна училищна възраст. - 2 000 тир.
852 _aЦб 190018
856 4 _qpdf
_u
856 4 _qpdf
_u
942 _cKNG
_n0
944 _aCR
_c15.01.2003
_kЛюдмила_Стоянова
944 _aED
_c15.01.2003
_k
999 _c12386
_d12386